| 000 | 00774nam a2200313Ia 4500 | ||
|---|---|---|---|
| 001 | 35769 | ||
| 005 | 20240114001829.0 | ||
| 007 | ta | ||
| 008 | 070329s g b000 u 346 u | ||
| 040 | _aCotton College,Assam | ||
| 041 | _a346 | ||
| 082 |
_a491.44 _bC 392 C |
||
| 100 | _aChakravarty, Ajay Kumar. | ||
| 245 | 0 |
_aChanda O Alankar / _cAjay Kumar Chakravarty. _hTextual Documents |
|
| 250 | _a1st ed. / | ||
| 260 |
_aCalcutta : _bEastern Book House , _cNd. |
||
| 300 |
_a207p. ; _c20cm. |
||
| 653 | _aBengali Language | ||
| 653 | _aG-Languages | ||
| 653 | _aT/G-Languages | ||
| 942 |
_2ddc _cBK |
||
| 999 |
_c35751 _d35751 |
||